00000000nim##2200000za#4500
0019.682162
003CaOODSP
00520200401065056
007ss |||j|||||||
008150407|1960||||xxcnnn||q|||||||| n fre|d
040 |aCaOODSP|bfre
043 |an-cn---
0861 |aCH37-4/4-1960F-A
1101 |aCanada.|bPatrimoine canadien. |bDirection des droits de la personne.
24510|aDéclaration canadienne des droits |h[enregistrement sonore]
260 |aOttawa - Ontario : |bPatrimoine canadien. |c1960.
300 |a1 audiocasette.
590 |a03-19|b2003-05-09
69107|aDroits de la personne|2gcpds
77508|tCanadian Bill of Rights |w(CaOODSP)9.648910
7760#|tCanadian Bill of Rights |w(CaOODSP)9.664689
7760#|tCanadian Bill of Rights |w(CaOODSP)9.664691
7760#|tDéclaration canadienne des droits |w(CaOODSP)9.664692
7760#|tDéclaration canadienne des droits |w(CaOODSP)9.664690